000
00309nam a2200133Ia 4500
008
191201s2010 xx 000 0 und d
100
_a
MINOLI, Daniel
245
0
_a
Web Commerce Technology Handbook
250
_a
18 Rep
260
_c
2010
_b
TMH
_a
N. Delhi
300
_a
621
650
_a
CSE
942
_2
ddc
_c
BB
999
_c
7394
_d
7394